<?xml version="1.0" encoding="UTF-8"?>
<record
    xmlns:xsi="http://www.w3.org/2001/XMLSchema-instance"
    xsi:schemaLocation="http://www.loc.gov/MARC21/slim http://www.loc.gov/standards/marcxml/schema/MARC21slim.xsd"
    xmlns="http://www.loc.gov/MARC21/slim">

  <leader>01541    a2200193   4500</leader>
  <controlfield tag="001">25239</controlfield>
  <controlfield tag="005">20260407155536.0</controlfield>
  <controlfield tag="008">260407a1976    arg                 spa d</controlfield>
  <controlfield tag="003">AR-UNSa-BCEJYS</controlfield>
  <datafield tag="040" ind1=" " ind2=" ">
    <subfield code="a">AR-UNSa-BCEJYS</subfield>
    <subfield code="b">spa</subfield>
    <subfield code="c">AR-UNSa-BCEJYS</subfield>
  </datafield>
  <datafield tag="080" ind1=" " ind2=" ">
    <subfield code="a">343.2</subfield>
    <subfield code="x">Derecho penal</subfield>
  </datafield>
  <datafield tag="245" ind1="1" ind2="0">
    <subfield code="a">Leyes Penales</subfield>
  </datafield>
  <datafield tag="264" ind1=" " ind2="1">
    <subfield code="a">Buenos Aires :</subfield>
    <subfield code="b">Plus Ultra</subfield>
    <subfield code="c">1976</subfield>
  </datafield>
  <datafield tag="300" ind1=" " ind2=" ">
    <subfield code="a">576 p.</subfield>
    <subfield code="c">23 cm.</subfield>
  </datafield>
  <datafield tag="505" ind1=" " ind2=" ">
    <subfield code="a">1. Patronato de menores - 2. Trabajo de mujeres y menores - 3. Propiedad intelectual - 4. Reincidencia - 5. Profilaxis antivenerea - 6. Trabajo a Domicilo - 7. Conchabadores - 8. Ejercicio profesional de Ciencias Econ&#xF3;micas - 9. Prenda con registro - 10. Inasistencia familiar - 11. Armas y explosivos - 12. Deslealtad nacional - 13. Proteci&#xF3;n a los animales - 14. Cajas nacionales de previsi&#xF3;n - 15. Comunismo - 16. Servicio militar - 17. Movilizaci&#xF3;n - 18. Identificaci&#xF3;n - 19. Estupefacientes - 19. Expulsi&#xF3;n de extranjeros - 20. Deporte - 21. Marcas - 22. Enrolamiento - 23. Monopolio - 24. Registro nacional de las personas - 25. Contrabando - 26. Factura conformada - 27. Defensa nacional - 28. Servicio penitenciario federal -  29. Aeronautica - 30. Usura - 31. Reforma del c&#xF3;digo penal - 32. Fuero antisubersivo - 32. Empleo de la FF.AA. en estado de sitio - 33. Concursos - 34. R&#xE9;gimen penitenciario de vistas - 35. Actuaciones militares - 36. Detenci&#xF3;n domiciliaria - 37. Censura - 38. Pena de muerte (derogaci&#xF3;n).</subfield>
  </datafield>
  <datafield tag="942" ind1=" " ind2=" ">
    <subfield code="c">BK</subfield>
  </datafield>
  <datafield tag="590" ind1=" " ind2=" ">
    <subfield code="a">niveau_biblio:m niveau_hierar:0</subfield>
  </datafield>
  <datafield tag="100" ind1="1" ind2=" ">
    <subfield code="a">V&#xE1;zquez Iruzubieta, Carlos</subfield>
  </datafield>
  <datafield tag="999" ind1=" " ind2=" ">
    <subfield code="c">1346</subfield>
    <subfield code="d">1346</subfield>
  </datafield>
  <datafield tag="952" ind1=" " ind2=" ">
    <subfield code="0">0</subfield>
    <subfield code="1">0</subfield>
    <subfield code="4">0</subfield>
    <subfield code="7">0</subfield>
    <subfield code="a">BCEJYS</subfield>
    <subfield code="b">BCEJYS</subfield>
    <subfield code="c">16</subfield>
    <subfield code="d">2026-04-07</subfield>
    <subfield code="l">0</subfield>
    <subfield code="o">343.2 V393</subfield>
    <subfield code="p">L24996</subfield>
    <subfield code="r">2026-04-07 15:55:36</subfield>
    <subfield code="w">2026-04-07</subfield>
    <subfield code="y">L</subfield>
  </datafield>
</record>
